[Event "Uni Bamberg - Uni Augsburg 3"]
[Site "Augsburg"]
[Date "2009.10.09"]
[Round "2.1"]
[White "Buehler, Florian"]
[Black "Heinz, Axel"]
[Result "0-1"]
[WhiteElo "2018"]
[BlackElo "2436"]
[PlyCount "84"]
[EventDate "2009.10.08"]

1. d4 Nf6 2. c4 e6 3. Nc3 Bb4 4. Qc2 c5 5. e3 O-O 6. Bd3 d5 7. Nf3 Nbd7 8. O-O
cxd4 9. exd4 dxc4 10. Bxc4 b6 11. Qe2 Bb7 12. Ne5 Rc8 13. Bg5 Bxc3 14. bxc3 Qc7
15. Bxf6 Nxf6 16. Rac1 Nd5 17. Bxd5 Bxd5 18. c4 f6 19. Qb2 Bxg2 20. Kxg2 fxe5
21. dxe5 Rf4 22. f3 Rxc4 23. Rxc4 Qxc4 24. Rf2 Qf4 25. Rc2 Rd8 26. Qc3 h6 27.
Qe1 Rd3 28. Qe2 Rd5 29. Rc8+ Kf7 30. Rc7+ Kg6 31. Rc2 Rxe5 32. Qd3+ Qf5 33. Qb3
Rb5 34. Qa4 Rb1 35. Qg4+ Qxg4+ 36. fxg4 Rb4 37. Kg3 Ra4 38. h4 h5 39. gxh5+
Kxh5 40. Re2 Rg4+ 41. Kf3 Rxh4 42. Rxe6 Ra4 0-1

[Event "Uni Bamberg - Uni Augsburg 3"]
[Site "Augsburg"]
[Date "2009.10.09"]
[Round "2.2"]
[White "Sonnenberg, Christoph"]
[Black "Luhn, Robert"]
[Result "1/2-1/2"]
[WhiteElo "1858"]
[BlackElo "2055"]
[PlyCount "91"]
[EventDate "2009.10.08"]

1. d4 d5 2. e3 Nf6 3. Bd3 e6 4. Nd2 Be7 5. f4 b6 6. Ngf3 Bb7 7. O-O Nbd7 8. Ne5
O-O 9. Rf3 Ne4 10. Rh3 g6 11. Ndf3 f5 12. Bd2 c5 13. c3 a5 14. Be1 Qc7 15. Bh4
Bxh4 16. Nxh4 Nxe5 17. fxe5 Qe7 18. Nf3 Rf7 19. Nd2 Raf8 20. Be2 Kh8 21. Rf3 g5
22. Nxe4 dxe4 23. Rf2 f4 24. Bh5 Rg7 25. Qe2 Bc6 26. Raf1 cxd4 27. cxd4 Qd7 28.
Qd2 Bb5 29. Rc1 Qd5 30. exf4 e3 31. Qxe3 gxf4 32. Qd2 Bc6 33. Bf3 Qxf3 34. Rxf3
Bxf3 35. Qf2 Bxg2 36. Qxg2 Rxg2+ 37. Kxg2 f3+ 38. Kf2 Rf4 39. Ke3 Rg4 40. Rf1
Rh4 41. Rf2 Kg7 42. Rd2 Rh3 43. Rf2 Rh4 44. b3 b5 45. a3 h5 46. a4 1/2-1/2

[Event "Uni Bamberg - Uni Augsburg 3"]
[Site "Augsburg"]
[Date "2009.10.09"]
[Round "2.3"]
[White "Giannino, Domenico"]
[Black "Bandau, Frank"]
[Result "1-0"]
[WhiteElo "1959"]
[BlackElo "1718"]
[PlyCount "81"]
[EventDate "2009.10.08"]

1. e4 c6 2. d4 d5 3. Nc3 g6 4. e5 Bg7 5. f4 h5 6. Nf3 Nh6 7. Bd3 Bg4 8. h3 Bxf3
9. Qxf3 e6 10. Be3 Qb6 11. O-O-O Nd7 12. g4 O-O-O 13. f5 hxg4 14. hxg4 Nxg4 15.
Qxg4 Nxe5 16. Qe2 Nxd3+ 17. Qxd3 gxf5 18. Kb1 Qc7 19. Ne2 Qd7 20. Bf4 f6 21.
Rxh8 Rxh8 22. Rg1 e5 23. dxe5 fxe5 24. Rxg7 Qxg7 25. Qxf5+ Qd7 26. Qxe5 Rh1+
27. Nc1 Kd8 28. Qb8+ Ke7 29. Qxa7 Rf1 30. Bg5+ Kf7 31. a4 Rf5 32. Bd2 d4 33. a5
Ke6 34. Nd3 Qd5 35. Nf4+ Rxf4 36. Bxf4 Qh1+ 37. Bc1 Qd5 38. Qxb7 d3 39. Qb3
Qxb3 40. cxb3 Kd6 41. Be3 1-0

[Event "Uni Bamberg - Uni Augsburg 3"]
[Site "Augsburg"]
[Date "2009.10.09"]
[Round "2.4"]
[White "Ortiz, Andre"]
[Black "Reitsam, David"]
[Result "1/2-1/2"]
[WhiteElo "1608"]
[BlackElo "1523"]
[PlyCount "127"]
[EventDate "2009.10.08"]

1. e4 e6 2. Nf3 d5 3. exd5 exd5 4. d4 Bf5 5. Bd3 Bg6 6. O-O Bd6 7. c4 c6 8. Nc3
Ne7 9. c5 Bc7 10. Re1 O-O 11. Bg5 f6 12. Bh4 Nd7 13. Qc2 Re8 14. Re2 Bxd3 15.
Qxd3 Nf8 16. Rae1 Qd7 17. b4 Neg6 18. Bg3 Bxg3 19. hxg3 Rxe2 20. Rxe2 Re8 21.
a4 Kf7 22. b5 Rxe2 23. Qxe2 Qe6 24. bxc6 Qxe2 25. Nxe2 bxc6 26. Nc3 Ne6 27. Na2
Ne7 28. Nb4 h5 29. Kf1 Kg6 30. Ke2 Kf5 31. Ke3 g5 32. Nd2 Nd8 33. Nb3 Nb7 34.
a5 Ke6 35. a6 Nd8 36. Na5 Kd7 37. Nc2 Ke6 38. f3 Ng6 39. Nb7 Nf7 40. Nb4 Ne7
41. g4 h4 42. Na5 Nd8 43. f4 Kd7 44. Nd3 Ng6 45. fxg5 fxg5 46. Nb3 Ne6 47. Nd2
Nef4 48. Ne1 Ke7 49. Ndf3 Kf6 50. Nd2 Ne7 51. Nb3 Kg6 52. Na5 Kf6 53. Nb7 Ne6
54. Nd3 Kg7 55. Nd6 Nd8 56. Ne5 Ne6 57. Nd3 Kf6 58. Nb7 Kg7 59. Na5 Kf6 60. Nb4
Nd8 61. Nb7 Ne6 62. Nd6 Kg7 63. Nb7 Kf6 64. Nd6 1/2-1/2

[Event "Uni Muenster 1 - Uni Karlsruhe 2"]
[Site "Augsburg"]
[Date "2009.10.09"]
[Round "2.1"]
[White "Strohhaeker, Ralph"]
[Black "Ratkovitch, Dimitri"]
[Result "0-1"]
[WhiteElo "2073"]
[BlackElo "2088"]
[PlyCount "68"]
[EventDate "2009.10.08"]

1. c4 g6 2. Nc3 Bg7 3. g3 Nf6 4. Bg2 O-O 5. d3 c6 6. e4 d6 7. Nge2 e5 8. O-O
Nbd7 9. f4 Qb6+ 10. d4 exd4 11. Qxd4 Nc5 12. e5 dxe5 13. fxe5 Ng4 14. b4 Qxb4
15. Rb1 Qa5 16. h3 Nxe5 17. Qh4 Be6 18. Bh6 Bxh6 19. Qxh6 Bxc4 20. Rb2 Bxe2 21.
Nxe2 Rae8 22. Rf4 f6 23. Rh4 Rf7 24. Nd4 Ned3 25. Rb1 Qxa2 26. Rf1 Re1 27. Rhf4
Nxf4 28. Qxf4 Rxf1+ 29. Bxf1 Qd5 30. h4 Qe5 31. Qf3 Ne4 32. Qe3 Nxg3 33. Qd3
Nxf1 34. Ne6 Qg3+ 0-1

[Event "Uni Muenster 1 - Uni Karlsruhe 2"]
[Site "Augsburg"]
[Date "2009.10.09"]
[Round "2.2"]
[White "Rehfeldt, Frank"]
[Black "Fucik, Timo"]
[Result "1/2-1/2"]
[WhiteElo "2082"]
[BlackElo "2093"]
[PlyCount "34"]
[EventDate "2009.10.08"]

1. e4 c5 2. Nf3 d6 3. d4 Nf6 4. Nc3 cxd4 5. Nxd4 a6 6. Bc4 e6 7. Bb3 Be7 8. Be3
O-O 9. Qe2 Nc6 10. O-O-O Na5 11. g4 b5 12. g5 Nd7 13. Bxe6 fxe6 14. Nxe6 Qe8
15. Nc7 Qd8 16. Ne6 Qe8 17. Nc7 Qd8 1/2-1/2

[Event "Uni Muenster 1 - Uni Karlsruhe 2"]
[Site "Augsburg"]
[Date "2009.10.09"]
[Round "2.3"]
[White "Augner, Bjoern"]
[Black "Herud, Martin"]
[Result "0-1"]
[WhiteElo "2007"]
[BlackElo "2023"]
[PlyCount "64"]
[EventDate "2009.10.08"]

1. Nf3 d5 2. d4 c6 3. c4 Nf6 4. Nc3 e6 5. Bg5 h6 6. Bh4 Nbd7 7. cxd5 exd5 8. e3
Qb6 9. Qc2 Be7 10. Bd3 O-O 11. Ne5 Re8 12. f4 Nxe5 13. fxe5 Ng4 14. Bxe7 Rxe7
15. Qd2 f6 16. Na4 Qc7 17. h3 fxe5 18. hxg4 exd4 19. O-O-O dxe3 20. Qe2 Qf4 21.
Rhf1 Qxa4 22. Bc2 Bxg4 23. Qd3 Qe4 24. Qa3 Qe6 25. Qd3 g6 26. Rde1 e2 27. Rf4
Bf5 28. Qg3 Bxc2 29. Kxc2 g5 30. Rf2 Rae8 31. Qd3 Qe4 32. Rfxe2 Qxd3+ 0-1

[Event "Uni Muenster 1 - Uni Karlsruhe 2"]
[Site "Augsburg"]
[Date "2009.10.09"]
[Round "2.4"]
[White "Stopka, Tobias"]
[Black "Konrad, Bernhard"]
[Result "1-0"]
[WhiteElo "1892"]
[BlackElo "1710"]
[PlyCount "37"]
[EventDate "2009.10.08"]

1. e4 c5 2. Nf3 Nc6 3. Bb5 Na5 4. c3 a6 5. Ba4 b5 6. Bc2 c4 7. d4 cxd3 8. Qxd3
g6 9. a4 Rb8 10. Bf4 d6 11. e5 Bg7 12. axb5 Bf5 13. Qe2 Bxc2 14. exd6 Rxb5 15.
Qxc2 e5 16. Be3 Qxd6 17. c4 Qb4+ 18. Nbd2 Rb8 19. Ra4 1-0

[Event "Uni Muenster 2 - Augusta Vindelicum"]
[Site "Augsburg"]
[Date "2009.10.09"]
[Round "2.1"]
[White "Sargin, Anatol"]
[Black "Webner, Dennis"]
[Result "1-0"]
[WhiteElo "2179"]
[BlackElo "2048"]
[PlyCount "83"]
[EventDate "2009.10.08"]

1. e4 d5 2. exd5 Nf6 3. Nf3 Nxd5 4. d4 Bf5 5. Bg5 h6 6. Bh4 Nd7 7. Be2 c6 8.
O-O Qb6 9. c4 Nf4 10. b3 g5 11. Bg3 Bg7 12. Nc3 O-O-O 13. Bxf4 gxf4 14. Qd2
Rhg8 15. Rfd1 Bf6 16. Qxf4 Bh3 17. g3 h5 18. Ne4 Bg4 19. Nxf6 Nxf6 20. Rd2 h4
21. Nxh4 Bxe2 22. Rxe2 Rxd4 23. Qf5+ Kb8 24. Rxe7 Ng4 25. h3 Nxf2 26. Qxf2 Rxh4
27. Qxb6 axb6 28. Kg2 Rh7 29. Rd1 Rhg7 30. g4 f5 31. Rxg7 Rxg7 32. Kf3 fxg4+
33. hxg4 Kc7 34. Rd2 c5 35. Kf4 Kc6 36. a4 Kc7 37. Rd3 Rf7+ 38. Kg5 Rg7+ 39.
Kf5 Rf7+ 40. Kg6 Rf4 41. g5 Rd4 42. Rf3 1-0

[Event "Uni Muenster 2 - Augusta Vindelicum"]
[Site "Augsburg"]
[Date "2009.10.09"]
[Round "2.2"]
[White "Wolffgang, Georg"]
[Black "Demel, Paul"]
[Result "1-0"]
[WhiteElo "1828"]
[BlackElo "2147"]
[PlyCount "37"]
[EventDate "2009.10.08"]

1. d4 d5 2. e4 dxe4 3. Nc3 Nf6 4. f3 exf3 5. Nxf3 e6 6. Bd3 Be7 7. O-O O-O 8.
Bg5 Nbd7 9. Qe1 g6 10. Qh4 Re8 11. Rae1 Nh5 12. Ne4 h6 13. g4 hxg5 14. Nfxg5
Bxg5 15. Nxg5 Nhf6 16. Nxf7 Kxf7 17. Qh7+ Kf8 18. Bxg6 Ne5 19. Qh8+ 1-0

[Event "Uni Muenster 2 - Augusta Vindelicum"]
[Site "Augsburg"]
[Date "2009.10.09"]
[Round "2.3"]
[White "Steffen, Kevin"]
[Black "Braun, Oskar"]
[Result "1/2-1/2"]
[WhiteElo "2137"]
[BlackElo "1691"]
[PlyCount "74"]
[EventDate "2009.10.08"]

1. e4 d5 2. exd5 Qxd5 3. Nc3 Qa5 4. d4 Nf6 5. Bc4 c6 6. Nf3 Bf5 7. O-O e6 8. a3
Bd6 9. Ne2 O-O 10. Ng3 Bg6 11. Bg5 Nbd7 12. b4 Qc7 13. Nh4 Be4 14. Re1 Bd5 15.
Bd3 b5 16. Nf3 Rfe8 17. Bxf6 Nxf6 18. Ne5 Re7 19. Nh5 Ne8 20. Re3 f6 21. Bxh7+
Kxh7 22. Rh3 Kg8 23. Ng6 Rf7 24. Nhf4 Rf8 25. Rh8+ Kf7 26. Nxf8 Bxf4 27. Qh5+
Ke7 28. Ng6+ Kd7 29. Nxf4 Qxf4 30. Qf7+ Kd6 31. Rxe8 Rxe8 32. Qxe8 Qxd4 33.
Qd8+ Ke5 34. Re1+ Kf5 35. h3 Qd2 36. Re3 Qd1+ 37. Kh2 Qf1 1/2-1/2

[Event "Augusta Vindelicorum - TU Dresden"]
[Site "Augsburg"]
[Date "2009.10.09"]
[Round "3.1"]
[White "Loxine, Iakov"]
[Black "Grimberg, Boris"]
[Result "1-0"]
[WhiteElo "2365"]
[BlackElo "2401"]
[PlyCount "71"]
[EventDate "2009.10.08"]

1. e4 g6 2. d4 Bg7 3. c4 d6 4. Nc3 e5 5. Nf3 Nc6 6. dxe5 dxe5 7. Qxd8+ Nxd8 8.
Nd5 Kd7 9. Bg5 Ne6 10. Rd1 Nd4 11. Nxd4 exd4 12. Bf4 c5 13. Nc7 Rb8 14. Ne6
fxe6 15. Bxb8 a5 16. Bf4 Ne7 17. Bd2 b6 18. Bd3 Nc6 19. f4 Bb7 20. O-O Rf8 21.
b3 Nb4 22. Bxb4 axb4 23. e5 Bh6 24. g3 Ke7 25. h4 Bc6 26. a3 bxa3 27. Ra1 Ra8
28. Rf2 b5 29. cxb5 Bd5 30. Rfa2 Bxb3 31. Rxa3 Rxa3 32. Rxa3 c4 33. b6 Kd7 34.
Be4 d3 35. Ra7+ Kc8 36. b7+ 1-0

[Event "Augusta Vindelicorum - TU Dresden"]
[Site "Augsburg"]
[Date "2009.10.09"]
[Round "3.2"]
[White "Billing, Christian"]
[Black "Zwahr, Paul"]
[Result "0-1"]
[WhiteElo "2226"]
[BlackElo "2275"]
[PlyCount "140"]
[EventDate "2009.10.08"]

1. e4 c5 2. Nf3 e6 3. d3 Nc6 4. g3 g6 5. Bg2 Bg7 6. O-O Nge7 7. c3 e5 8. Be3 d6
9. a4 O-O 10. Na3 b6 11. Rb1 d5 12. Qd2 Bb7 13. Rfd1 Qd7 14. Bh6 Rad8 15. Bxg7
Kxg7 16. Qc2 f5 17. b4 cxb4 18. cxb4 Qd6 19. exd5 Nxd5 20. Nc4 Qf6 21. b5 Nd4
22. Qb2 Nc3 23. Nxd4 Nxd1 24. Rxd1 Bxg2 25. Nxe5 Bd5 26. f4 Kg8 27. Ndc6 Rd6
28. Rc1 g5 29. Qd2 gxf4 30. Qxf4 Re8 31. d4 a6 32. Rf1 Be4 33. g4 Qg7 34. h3
Rf8 35. g5 axb5 36. axb5 Ra8 37. h4 Rd5 38. Ng4 Rf8 39. Nh6+ Kh8 40. Ra1 Rxd4
41. Ne5 Rdd8 42. Re1 Bb7 43. Qc4 Bd5 44. Qd4 Rd7 45. Rd1 Re7 46. Nef7+ Rexf7
47. Qxd5 Rc7 48. Qd6 Re7 49. Qxb6 Qe5 50. Qd4 Qxd4+ 51. Rxd4 Re4 52. Rd7 Rxh4
53. Nf7+ Kg7 54. Ne5+ Kg8 55. b6 Rb4 56. Rd6 Rb2 57. Nd7 Ra8 58. Rd1 Kg7 59.
Ne5 Rxb6 60. Rd7+ Kg8 61. Kf2 Rb3 62. Nd3 Ra2+ 63. Ke3 Raa3 64. Ke2 f4 65. Nxf4
Rb2+ 66. Rd2 Rxd2+ 67. Kxd2 Rg3 68. Ke2 Rxg5 69. Kf3 h5 70. Nh3 Rg7 0-1

[Event "Augusta Vindelicorum - TU Dresden"]
[Site "Augsburg"]
[Date "2009.10.09"]
[Round "3.3"]
[White "Siedentopf, Daniel"]
[Black "Nuber, Korbinian"]
[Result "1-0"]
[WhiteElo "2227"]
[BlackElo "2185"]
[PlyCount "81"]
[EventDate "2009.10.08"]

1. d4 g6 2. c4 Bg7 3. e4 d6 4. Nc3 e5 5. Nge2 Nc6 6. Be3 Nf6 7. d5 Ne7 8. f3 c6
9. Qd2 cxd5 10. cxd5 Bd7 11. Bh6 O-O 12. h4 b5 13. h5 Rc8 14. g4 Kh8 15. Bg5
Kg8 16. Ng3 Qb6 17. Be3 Qb7 18. g5 Ne8 19. Qh2 Nc7 20. Bh3 Bxh3 21. Qxh3 Rfd8
22. hxg6 hxg6 23. Kf2 b4 24. Nce2 Na6 25. Nf5 gxf5 26. exf5 Nxf5 27. Qxf5 Qxd5
28. Ng3 Qe6 29. Qh7+ Kf8 30. Nf5 Qg6 31. Rh6 Bxh6 32. Qh8+ Qg8 33. Qxh6+ Ke8
34. Nxd6+ Rxd6 35. Qxd6 Rc2+ 36. Kg3 Qh7 37. Qxe5+ Kf8 38. Qd6+ Kg8 39. Qd8+
Kg7 40. Bd4+ f6 41. Bxf6+ 1-0

[Event "Augusta Vindelicorum - TU Dresden"]
[Site "Augsburg"]
[Date "2009.10.09"]
[Round "3.4"]
[White "Giannino, Domenico"]
[Black "Zimmermann, Rene"]
[Result "0-1"]
[WhiteElo "1959"]
[BlackElo "2044"]
[PlyCount "112"]
[EventDate "2009.10.08"]

1. e4 e6 2. d4 d5 3. exd5 exd5 4. Bd3 Nc6 5. c3 Bd6 6. Nf3 Nge7 7. O-O Bg4 8.
Bg5 f6 9. Bh4 Qd7 10. Bg3 Bxg3 11. fxg3 Bf5 12. Qc2 O-O-O 13. Nbd2 Rde8 14.
Rfe1 Bxd3 15. Qxd3 Nf5 16. Nf1 g6 17. Ne3 Nxe3 18. Rxe3 Rxe3 19. Qxe3 Re8 20.
Qd2 Ne7 21. Re1 Nf5 22. Kf2 Re4 23. Re2 Qa4 24. b3 Qe8 25. Qe1 Nd6 26. Nd2
Rxe2+ 27. Qxe2 Qd7 28. Qf3 Qe6 29. Qe2 Qf5+ 30. Ke1 Kd7 31. c4 c6 32. Qf3 Qc2
33. cxd5 Qxa2 34. dxc6+ bxc6 35. Qc3 Nb5 36. Qc4 Qa1+ 37. Ke2 Qxd4 38. Qf7+ Kc8
39. Qg8+ Kb7 40. Qxh7+ Ka6 41. Qe7 Nc3+ 42. Ke1 Qg1+ 43. Nf1 Qxg2 44. Qe3 Qc2
45. h4 Kb5 46. g4 Kb4 47. Qd4+ Ka3 48. Nd2 Qd1+ 49. Kf2 Qe2+ 50. Kg1 Kb2 51.
Nc4+ Kxb3 52. Nd2+ Kc2 53. Nf1 Qb5 54. Ne3+ Kb3 55. h5 gxh5 56. gxh5 Ne2+ 0-1

[Event "Uni Augsburg 3 - Uni Karlsruhe 1"]
[Site "Augsburg"]
[Date "2009.10.09"]
[Round "3.1"]
[White "Strohhaeker, Raoul"]
[Black "Muench, Klaus-Norbert"]
[Result "1-0"]
[WhiteElo "2443"]
[BlackElo "2147"]
[PlyCount "61"]
[EventDate "2009.10.08"]

1. e4 c5 2. Nf3 Nc6 3. d4 cxd4 4. Nxd4 g6 5. c4 Bg7 6. Be3 Nh6 7. Nc3 O-O 8.
Be2 d6 9. O-O f5 10. exf5 gxf5 11. Nxc6 bxc6 12. Qd2 Nf7 13. f4 Qa5 14. Rac1
Rd8 15. Bf3 Bd7 16. Rfe1 e5 17. b3 Rac8 18. Kh1 Be6 19. Red1 Rd7 20. h3 Qd8 21.
Qf2 Bh6 22. Bh5 Qf6 23. Bxf7+ Kxf7 24. fxe5 Bxe3 25. Qxe3 Qxe5 26. Qh6 Qg7 27.
Qf4 Rcd8 28. Ne4 Qf8 29. Ng5+ Kf6 30. Qh4 Qg7 31. Re1 1-0

[Event "Uni Augsburg 3 - Uni Karlsruhe 1"]
[Site "Augsburg"]
[Date "2009.10.09"]
[Round "3.2"]
[White "Woniak, Katarzyna"]
[Black "Wehner, Roland"]
[Result "0-1"]
[WhiteElo "2009"]
[BlackElo "2243"]
[PlyCount "68"]
[EventDate "2009.10.08"]

1. d4 Nf6 2. g3 d5 3. Bg2 c6 4. Nf3 e6 5. Ne5 Bd6 6. Nd3 Nbd7 7. Nd2 e5 8. dxe5
Nxe5 9. Nxe5 Bxe5 10. c4 dxc4 11. Qc2 Qa5 12. O-O Be6 13. Nxc4 Qc5 14. Ne3 Qxc2
15. Nxc2 O-O-O 16. Nb4 Bc4 17. Re1 Rhe8 18. Be3 Bxb2 19. Rab1 Bd4 20. Rec1 Rxe3
21. Rxc4 Rc3 22. Rxc3 Bxc3 23. Nd3 Bd4 24. h3 Nd5 25. Rc1 Kc7 26. Rc2 Nc3 27.
Bf3 a5 28. Kg2 b5 29. a3 Kb6 30. e3 Bf6 31. Nb2 a4 32. h4 c5 33. Be2 Nxe2 34.
Rxe2 c4 0-1

[Event "Uni Augsburg 3 - Uni Karlsruhe 1"]
[Site "Augsburg"]
[Date "2009.10.09"]
[Round "3.3"]
[White "Hauser, Carlos"]
[Black "Luhn, Robert"]
[Result "1-0"]
[WhiteElo "2206"]
[BlackElo "2055"]
[PlyCount "59"]
[EventDate "2009.10.08"]

1. d4 d5 2. c4 c6 3. Nc3 Nf6 4. cxd5 cxd5 5. Nf3 e6 6. Bf4 Bd6 7. Bg3 Bxg3 8.
hxg3 Nbd7 9. e3 Qa5 10. Bd3 a6 11. a4 Ne4 12. Bxe4 dxe4 13. Nd2 Nf6 14. Qc2 Bd7
15. O-O Qh5 16. Ncxe4 Ng4 17. Nf3 Rc8 18. Nd6+ Ke7 19. Nxc8+ Rxc8 20. Qd3 Bc6
21. Qa3+ Ke8 22. Qc5 e5 23. Rfc1 Bd7 24. Qd6 Rxc1+ 25. Rxc1 e4 26. Rc5 f5 27.
Ne5 Nxe5 28. Rxe5+ Kd8 29. f3 exf3 30. Re7 1-0

[Event "Uni Augsburg 3 - Uni Karlsruhe 1"]
[Site "Augsburg"]
[Date "2009.10.09"]
[Round "3.4"]
[White "Sedelmayr, Werner"]
[Black "Belica, Matej"]
[Result "1/2-1/2"]
[WhiteElo "1688"]
[BlackElo "2095"]
[PlyCount "67"]
[EventDate "2009.10.08"]

1. e4 e5 2. Nf3 Nc6 3. Bb5 f5 4. d3 fxe4 5. dxe4 Nf6 6. Nc3 Bc5 7. O-O O-O 8.
Bg5 d6 9. h3 Kh8 10. Nd5 Nd4 11. Nxd4 Bxd4 12. c3 Bb6 13. Nxf6 gxf6 14. Bh4 Qe7
15. Kh2 Qg7 16. f4 Qh6 17. Bg3 Be6 18. Qe2 Rg8 19. Bc4 Bg4 20. Qd3 Rg6 21. fxe5
fxe5 22. Bf2 Be6 23. Bxe6 Rxe6 24. Bxb6 axb6 25. Rf7 Rc8 26. Raf1 Ree8 27. Qc4
Rf8 28. Rxf8+ Rxf8 29. Rxf8+ Qxf8 30. Qxc7 Qf4+ 31. Kh1 Qf1+ 32. Kh2 Qf4+ 33.
Kg1 Qe3+ 34. Kh2 1/2-1/2

[Event "Augusta Vindelicum - Uni Leipzig"]
[Site "Augsburg"]
[Date "2009.10.09"]
[Round "3.1"]
[White "Schuetze, Norman"]
[Black "Sargin, Anatol"]
[Result "1/2-1/2"]
[WhiteElo "2278"]
[BlackElo "2179"]
[PlyCount "88"]
[EventDate "2009.10.08"]

1. e4 e6 2. d4 d5 3. Nc3 Bb4 4. e5 c5 5. a3 Bxc3+ 6. bxc3 Qc7 7. Qg4 f5 8. Qg3
cxd4 9. cxd4 Ne7 10. Ne2 O-O 11. c3 b6 12. Nf4 Qd7 13. a4 Ba6 14. Bb5 Nec6 15.
h4 Bxb5 16. axb5 Na5 17. Rb1 Nc4 18. h5 Qf7 19. Rh4 a6 20. Nh3 axb5 21. Bh6 Ra7
22. Nf4 Nc6 23. Nd3 Rfa8 24. Bc1 Ra1 25. Rxa1 Rxa1 26. Qf4 Qe7 27. Ke2 b4 28.
cxb4 Nxb4 29. Rh3 Nc6 30. Rg3 Qa7 31. Qh4 Qa2+ 32. Kf3 Nd2+ 33. Bxd2 Qxd2 34.
Rxg7+ Kh8 35. Kg3 Qxd3+ 36. Kh2 Qxd4 37. Qg3 Ra8 38. Rxh7+ Kxh7 39. Qg6+ Kh8
40. Qh6+ Kg8 41. Qxe6+ Kh8 42. Qf6+ Kg8 43. Qe6+ Kf8 44. Qf6+ Kg8 1/2-1/2

[Event "Augusta Vindelicum - Uni Leipzig"]
[Site "Augsburg"]
[Date "2009.10.09"]
[Round "3.2"]
[White "Demel, Paul"]
[Black "Schoeneberg, Manfred"]
[Result "1/2-1/2"]
[WhiteElo "2147"]
[BlackElo "2298"]
[PlyCount "145"]
[EventDate "2009.10.08"]

1. Nf3 c5 2. c4 g6 3. e4 Bg7 4. d4 cxd4 5. Nxd4 Nc6 6. Be3 d6 7. Nc3 Nf6 8. Be2
O-O 9. O-O Bd7 10. Qd2 a5 11. b3 Nxd4 12. Bxd4 Bc6 13. f3 Nd7 14. Be3 Nc5 15.
Rab1 f5 16. exf5 gxf5 17. Rfd1 f4 18. Bf2 Qe8 19. Bf1 Qh5 20. Nd5 Qf7 21. a3 a4
22. b4 Nb3 23. Qe2 e5 24. Nb6 Rae8 25. b5 Nd4 26. Bxd4 exd4 27. Qc2 Bd7 28.
Nxd7 Qxd7 29. Bd3 Be5 30. Qxa4 b6 31. Be4 Re7 32. Qb4 Kh8 33. a4 Rg7 34. Kh1
Rfg8 35. Rd2 d3 36. Bd5 Rf8 37. Rxd3 Rg6 38. Be4 Rh6 39. Qe1 Qf7 40. Bd5 Qh5
41. Qg1 Bf6 42. Be6 Be5 43. Bh3 Qf7 44. Rd5 Qc7 45. Qc1 Ra8 46. Qc2 Rf6 47. Bf5
Qa7 48. Be4 Qxa4 49. Qxa4 Rxa4 50. c5 bxc5 51. b6 Rf8 52. b7 Rb8 53. Rdd1 Kg7
54. Rb6 Kf6 55. Kg1 Bd4+ 56. Kf1 Ke5 57. Rdb1 d5 58. Rc6 Ra1 59. Rc7 Rxb1+ 60.
Bxb1 Kd6 61. Rxh7 Kc6 62. Bf5 Rxb7 63. Rxb7 Kxb7 64. Ke2 Kc6 65. g4 Bf6 66. Kd3
Kb5 67. Kc2 c4 68. Kd2 Kc5 69. Kc2 Kd4 70. Kd2 c3+ 71. Ke2 Kc4 72. Bc2 d4 73.
h3 1/2-1/2

[Event "Augusta Vindelicum - Uni Leipzig"]
[Site "Augsburg"]
[Date "2009.10.09"]
[Round "3.3"]
[White "Schindler, Christian"]
[Black "Steffen, Kevin"]
[Result "0-1"]
[WhiteElo "2152"]
[BlackElo "2137"]
[PlyCount "98"]
[EventDate "2009.10.08"]

1. g3 Nf6 2. c4 d5 3. cxd5 Nxd5 4. Nc3 b6 5. Bg2 e6 6. d4 Bb7 7. e4 Nxc3 8.
bxc3 Be7 9. Ne2 O-O 10. O-O c5 11. Be3 Nc6 12. Qa4 Na5 13. Rfd1 Qc7 14. Bf4 Bd6
15. e5 Be7 16. d5 exd5 17. Bxd5 Bxd5 18. Rxd5 Qc6 19. Qe4 Rad8 20. Rad1 b5 21.
g4 Nc4 22. Ng3 Rxd5 23. Rxd5 Rc8 24. Nf5 Qe6 25. Qd3 Bf8 26. h3 Nb6 27. Rd8
Rxd8 28. Qxd8 Nd5 29. Be3 Nxe3 30. Nxe3 Qxe5 31. Nd5 c4 32. f4 Qd6 33. Qxd6
Bxd6 34. Kf2 a5 35. Ke3 Bc5+ 36. Kd2 b4 37. Kc2 Kf8 38. f5 Ke8 39. Nf4 Ke7 40.
Nh5 g6 41. fxg6 fxg6 42. Ng3 Ke6 43. Nf1 Kd5 44. h4 Bf2 45. h5 Bb6 46. Nd2 Be3
47. Nf3 gxh5 48. gxh5 Ke4 49. Ne1 Bg5 0-1

[Event "Augusta Vindelicum - Uni Leipzig"]
[Site "Augsburg"]
[Date "2009.10.09"]
[Round "3.4"]
[White "Buehler, Florian"]
[Black "Beltz, Franziska"]
[Result "1-0"]
[WhiteElo "2018"]
[BlackElo "2148"]
[PlyCount "78"]
[EventDate "2009.10.08"]

1. d4 Nf6 2. c4 g6 3. Nc3 d5 4. cxd5 Nxd5 5. e4 Nxc3 6. bxc3 c5 7. Bd3 Bg7 8.
Ne2 O-O 9. Be3 cxd4 10. cxd4 Nc6 11. Bc4 Bg4 12. f3 Na5 13. Bd5 Bd7 14. Rb1 Bc8
15. a3 e6 16. Ba2 b6 17. Qd3 Qd6 18. Bf2 Rd8 19. O-O Nc6 20. d5 exd5 21. Qxd5
Qf6 22. Qb5 Be6 23. Bxe6 Qxe6 24. Nf4 Qd6 25. Nd5 Ne7 26. Nxe7+ Qxe7 27. a4 Rd2
28. Rfd1 Rad8 29. Rxd2 Rxd2 30. a5 bxa5 31. Qxa5 Qd6 32. Be3 Re2 33. Qxa7 Be5
34. f4 Qd3 35. Rb8+ Kg7 36. h3 Rxe3 37. fxe5 Qxe4 38. Rb2 Re1+ 39. Kf2 Qxe5 {
ZUE} 1-0

[Event "Uni Bamberg - Uni Muenster 1"]
[Site "Augsburg"]
[Date "2009.10.09"]
[Round "3.1"]
[White "Ratkovitch, Dimitri"]
[Black "Heinz, Axel"]
[Result "1/2-1/2"]
[WhiteElo "2088"]
[BlackElo "2436"]
[PlyCount "45"]
[EventDate "2009.10.08"]

1. e4 e6 2. d4 d5 3. Nc3 Nc6 4. Be3 dxe4 5. Nxe4 Qd5 6. Nc3 Bb4 7. Nf3 Nf6 8.
Bd3 b6 9. O-O Bxc3 10. bxc3 Bb7 11. c4 Qd7 12. Rb1 h6 13. Qe2 O-O-O 14. c5 g5
15. Bb5 Qd5 16. Bc4 Qe4 17. Bd3 Qg4 18. Ba6 Qe4 19. Bd3 Qg4 20. Ba6 Qe4 21. Bd3
Qd5 22. Bc4 Qf5 23. Bd3 1/2-1/2

[Event "Uni Bamberg - Uni Muenster 1"]
[Site "Augsburg"]
[Date "2009.10.09"]
[Round "3.2"]
[White "Sonnenberg, Christoph"]
[Black "Rehfeldt, Frank"]
[Result "0-1"]
[WhiteElo "1858"]
[BlackElo "2082"]
[PlyCount "96"]
[EventDate "2009.10.08"]

1. c4 c6 2. g3 d5 3. cxd5 cxd5 4. d4 Nf6 5. Bg2 e6 6. Nf3 Bd6 7. Nc3 O-O 8. O-O
Nbd7 9. Bd2 a6 10. a4 Nb6 11. b3 Bd7 12. Ne1 Rc8 13. Nd3 Qe7 14. a5 Na8 15. Na4
Ne4 16. Bxe4 dxe4 17. Ndc5 Bc6 18. Qb1 f5 19. b4 Nc7 20. Nb6 Rcd8 21. e3 Bxc5
22. bxc5 Bb5 23. Rc1 Qe8 24. Nc4 Qh5 25. Rc2 Rf6 26. Qf1 Rh6 27. Qg2 Nd5 28.
Ne5 Nf6 29. c6 bxc6 30. Nxc6 Be2 31. Ne5 Nd7 32. Bb4 Nxe5 33. Rxe2 Qxe2 34.
dxe5 Rd1+ 35. Rxd1 Qxd1+ 36. Qf1 Qxf1+ 37. Kxf1 Rxh2 38. Be7 Kf7 39. Bd8 Ke8
40. Bb6 Rh1+ 41. Ke2 Kd7 42. f4 Rh2+ 43. Kf1 Kc6 44. Kg1 Ra2 45. g4 g6 46. g5
Kb5 47. Kf1 Kc4 48. Ke1 Kd3 0-1

[Event "Uni Bamberg - Uni Muenster 1"]
[Site "Augsburg"]
[Date "2009.10.09"]
[Round "3.3"]
[White "Herud, Martin"]
[Black "Stich, Christopher"]
[Result "1/2-1/2"]
[WhiteElo "2023"]
[BlackElo "1973"]
[PlyCount "158"]
[EventDate "2009.10.08"]

1. e4 g6 2. d4 Bg7 3. Nc3 d6 4. Bc4 Nf6 5. Nf3 O-O 6. O-O Nc6 7. h3 e5 8. Bg5
h6 9. dxe5 Nxe5 10. Nxe5 dxe5 11. Qxd8 Rxd8 12. Bxf6 Bxf6 13. Nd5 Bg5 14. Nxc7
Rb8 15. Bb3 Bd7 16. Rad1 Bc6 17. Nd5 Bxd5 18. Bxd5 b6 19. Rd3 Kf8 20. Rfd1 Rbc8
21. c3 Be7 22. Kf1 g5 23. Ke2 Kg7 24. Bb3 Rxd3 25. Rxd3 Rc7 26. Rd5 f6 27. Kd3
Kf8 28. Ba4 Bc5 29. Rd8+ Kf7 30. f3 Bf2 31. Bb3+ Kg7 32. Be6 Re7 33. Bf5 Rc7
34. a4 h5 35. Be6 h4 36. Rg8+ Kh7 37. Bd5 Rc5 38. Rb8 Rc7 39. Rb7 Rxb7 40. Bxb7
Kg7 41. Kc4 Kf7 42. Kb5 Ke7 43. Ka6 Kd6 44. Bd5 Kc7 45. Kxa7 b5+ 46. Ka6 bxa4
47. Kb5 a3 48. bxa3 Be3 49. a4 Bf2 50. a5 Be3 51. Bf7 Bf2 52. Kc4 Kd6 53. Kb4
Be3 54. Kb5 Bf2 55. Ka6 Kc7 56. Be8 Be3 57. c4 Bd4 58. Bf7 Be3 59. Kb5 Kd6 60.
Be8 Bd4 61. Bf7 Be3 62. a6 Bd4 63. a7 Bxa7 64. Ka6 Bd4 65. Kb7 Be3 66. Kc8 Bb6
67. Bd5 Ke7 68. Kb7 Bd4 69. Kc6 Bc3 70. c5 Bd4 71. Bg8 Be3 72. Bh7 Bf2 73. Bf5
Be3 74. Kd5 Bf2 75. Kc4 Be3 76. Kb5 Bf2 77. Bc8 Be3 78. c6 Kd6 79. Bb7 Bd4
1/2-1/2